[Event "It (open)"]
[Site "masterchessopen.com Izmir (Turkey)"]
[Date "2011.09.02"]
[Round "3"]
[White "Ersahin Bulent (TUR)"]
[Black "Bozbiyik Tunca"]
[Result "1-0"]
[WhiteElo "2160"]
[BlackElo "1834"]

1.d4 Nf6 2.c4 e6 3.Nf3 d5 4.g3 Be7 5.Bg2 dxc4 6.O-O c6 7.Ne5 O-O 8.Nc3 a6 9.a4
Nbd7 10.Nxc4 Nb6 11.Ne5 c5 12.dxc5 Bxc5 13.Qb3 Nbd7 14.Nd3 Ba7 15.Bf4 Qb6
16.Qa3 Re8 17.a5 Qd8 18.Rad1 Qe7 19.Bd6 Qd8 20.h3 Bb8 21.Ne5 Bxd6 22.Rxd6 Qc7
23.Nxd7 Bxd7 24.Rfd1 Red8 25.Qb4 Rab8 26.Qb6 Qxb6 27.Rxb6 Kf8 28.Bxb7 Ke7
29.Bxa6 Rxb6 30.axb6 Rb8 31.b7 Bc6 32.Rd4 Ne8 33.Rc4 Kd7 34.Rb4 Nc7 35.Bd3
Rxb7 36.Rxb7 Bxb7 37.f4 Kd6 38.Kf2 h6 39.b4 e5 40.Bc4 exf4 41.gxf4 f6 42.h4
Bc6 43.e4 g5 44.e5+ fxe5 45.fxg5 hxg5 46.hxg5 Ne8 47.Bb5 Bxb5 48.Nxb5+ Kc6
49.Nc3 Ng7 50.Ke3 Kd6 51.Ke4 Nh5 52.Kf5 Ng7+ 53.Kf6 Nh5+ 54.Kf7 Kc6 55.Kg6
Nf4+ 56.Kf5 Kd6 57.g6 Nxg6 58.Kxg6 e4 59.Nxe4+ Kd5 {#r} 1-0

[Event "Tournament (Elo) (b)"]
[Site "masterchessopen.com Budapest (Hungary)"]
[Date "2011.10.03"]
[Round "3"]
[White "Breen Anthony (IRL)"]
[Black "Rekasi Tibor (HUN)"]
[Result "1-0"]
[WhiteElo "1648"]
[BlackElo "1712"]

1.c4 Nf6 2.Nf3 e6 3.g3 d5 4.d4 Be7 5.Bg2 dxc4 6.Ne5 O-O 7.O-O Nbd7 8.Nxc4 c6
9.Bf4 Nb6 10.Ne5 Nbd5 11.Bg5 h6 12.Bxf6 Nxf6 13.Qa4 Qc7 14.Rc1 Rd8 15.e3 Bd7
16.Nd2 Be8 17.Qc2 Bd6 18.Ndc4 Bxe5 19.Nxe5 Qd6 20.Qb3 Qc7 21.Rc2 Nd5 22.Rac1
Qb6 23.Qa3 Qb4 24.Qd3 Qb6 25.a3 Ne7 26.Bh3 Rd5 27.f4 Rad8 28.Qe2 f5 29.g4 Qc7
30.gxf5 exf5 31.Qc4 Kf8 32.Rg2 Bh5 33.Qd3 Rxe5 34.fxe5 Bf3 35.Rf2 Be4 36.Qxe4
{#r} 1-0

[Event "It (open)"]
[Site "masterchessopen.com Oslo (Norway)"]
[Date "2011.10.03"]
[Round "2"]
[White "Mikhalevski Victor (ISR)"]
[Black "Moor Olivier (SUI)"]
[Result "1-0"]
[WhiteElo "2542"]
[BlackElo "2399"]

1.Nf3 Nf6 2.c4 e6 3.g3 d5 4.d4 dxc4 5.Bg2 Be7 6.O-O O-O 7.Qc2 a6 8.a4 Bd7
9.Qxc4 Bc6 10.Bf4 a5 11.Nc3 Na6 12.Ne5 Bxg2 13.Kxg2 Nd5 14.Rad1 c6 15.Bc1 Nxc3
16.bxc3 Qd5+ 17.f3 f6 18.e4 Qxc4 19.Nxc4 Nb8 20.d5 b5 21.Ne3 exd5 22.exd5 bxa4
23.d6 Bd8 24.Rd4 Nd7 25.Rxa4 Re8 26.Nf5 Re2+ 27.Rf2 Rxf2+ 28.Kxf2 Nc5 29.Ra3
Nd3+ 30.Ke2 Nxc1+ 31.Kd2 g6 32.Nd4 Bb6 33.Kxc1 Bc5 34.Ra4 Bxd6 35.Nxc6 Ra6
36.Nd4 Kf8 37.Kc2 f5 38.Nb3 Bc7 39.Rc4 Ra7 40.Nd4 Bb6 41.Nb5 Rd7 42.Rc6 Be3
43.Nd6 Ke7 44.Nc4 Bg1 45.h3 Ra7 46.Kb3 Bh2 47.g4 fxg4 48.fxg4 a4+ 49.Ka3 Bf4
50.Nb6 Bc1+ 51.Kb4 Kf7 52.Nxa4 Re7 53.Ra6 h5 54.Nc5 hxg4 55.hxg4 Be3 56.Ra5
Bf4 57.c4 Re2 58.Nd3 Bh2 59.Kb5 Ke7 60.Ra4 Kf6 61.c5 Kg5 62.c6 Rg2 63.Re4 Rxg4
64.Re5+ Bxe5 65.Nxe5 Re4 66.Nf7+ Kf4 67.c7 {#r} 1-0

[Event "Ch NRW"]
[Site "masterchessopen.com Muenster (Germany)"]
[Date "2011.10.26"]
[Round "5"]
[White "Heinert Eugen (GER)"]
[Black "Schwarzenberg Josef (GER)"]
[Result "1-0"]
[WhiteElo "2208"]
[BlackElo "2135"]

1.d4 d5 2.Nf3 Nf6 3.c4 e6 4.g3 dxc4 5.Bg2 Be7 6.O-O O-O 7.a4 c5 8.dxc5 Qxd1
9.Rxd1 Bxc5 10.Ne5 Nc6 11.Nxc6 bxc6 12.Bxc6 Rb8 13.Nc3 a6 14.a5 e5 15.Bg5 Rxb2
16.Na4 Bxf2+ 17.Kxf2 Ng4+ 18.Ke1 Rb3 19.Be7 Bf5 20.Bxf8 Kxf8 21.Nc5 Rb2 22.Be4
Bxe4 23.Nxe4 f5 24.Nc3 Rb3 25.Nd5 e4 26.Rdb1 {#r} 1-0

[Event "Ch City"]
[Site "masterchessopen.com Sharkia (Egypt)"]
[Date "2011.10.27"]
[Round "6"]
[White "Fouad Abo Bakr"]
[Black "Fatahalla Alaa"]
[Result "1-0"]
[WhiteElo "2070"]
[BlackElo "2092"]

1.d4 d5 2.c4 e6 3.Nf3 Nf6 4.g3 Be7 5.Bg2 dxc4 6.Ne5 O-O 7.O-O c5 8.e3 Qc7
9.Qe2 cxd4 10.exd4 Nd5 11.Nxc4 Nc6 12.Rd1 b5 13.Ne3 Rd8 14.Nxd5 exd5 15.Nc3
Be6 16.Nxb5 Qb6 17.Bf4 Rac8 18.Be5 Nxe5 19.dxe5 Rb8 20.Nd4 Qxb2 21.Qxb2 Rxb2
22.Nc6 Rd7 23.Nxe7+ Rxe7 24.Bxd5 Rc7 25.Rac1 Rxc1 26.Rxc1 Bh3 27.Bg2 Be6
28.Bd5 a5 29.h4 Kf8 30.Bxe6 fxe6 31.Rc6 Ke7 32.Rc7+ Kf8 33.h5 h6 34.a3 Rb5
35.f4 Rb3 36.Kf2 Rxa3 37.g4 Ra2+ 38.Ke3 Ra3+ 39.Kd4 Rg3 40.Ra7 Rxg4 41.Kc5
Rxf4 42.Kd6 Rb4 43.Kxe6 Rb6+ 44.Kf5 Rb1 45.Rxa5 Kf7 46.Ra7+ Kf8 47.Ra4 Kf7
48.Ra7+ Kf8 49.Ke6 Rb6+ 50.Kd7 Kf7 51.Rc7 g5 52.hxg6+ Rxg6 53.Rc1 Rg2 54.e6+
Kg7 55.e7 Rd2+ 56.Ke8 Re2 57.Rd1 {#r} 1-0

[Event "Tournament (open) \"]
[Site "masterchessopen.com St. Petersburg (Russia)"]
[Date "2011.10.29"]
[Round "2"]
[White "Pimenov Revolt (RUS)"]
[Black "Golovenchits Boris (RUS)"]
[Result "1-0"]
[WhiteElo "2179"]
[BlackElo "1967"]

1.Nf3 d5 2.d4 Nf6 3.g3 e6 4.Bg2 Be7 5.c4 dxc4 6.Qa4+ Nbd7 7.O-O O-O 8.Qxc4 Nb6
9.Qc2 Bd7 10.Ne5 Bb5 11.Bxb7 Qxd4 12.Bxa8 Qxe5 13.Bf3 Nfd5 14.Nc3 Nxc3 15.Qxc3
Qxc3 16.bxc3 Bf6 17.Bf4 e5 18.Be3 e4 19.Bxe4 Bxe2 20.Rfc1 Rd8 21.Rab1 Bc4
22.a4 g5 23.a5 Nd5 24.Bd4 Be7 25.Bxa7 Nf6 26.Bg2 Rd2 27.Be3 Ra2 28.Ra1 Rxa1
29.Rxa1 Nd5 30.Bxd5 Bxd5 31.a6 {#r} 1-0

[Event "It (open)"]
[Site "masterchessopen.com Bad Wiessee (Germany)"]
[Date "2011.10.30"]
[Round "2"]
[White "Heidel Nicolas (GER)"]
[Black "Ernst Sipke (NED)"]
[Result "0-1"]
[WhiteElo "2155"]
[BlackElo "2581"]

1.d4 d5 2.c4 e6 3.Nf3 Nf6 4.g3 dxc4 5.Bg2 Be7 6.Na3 Bxa3 7.bxa3 O-O 8.Qa4 Qd5
9.O-O Bd7 10.Qc2 Bc6 11.Bf4 Nbd7 12.Rac1 Qa5 13.Qxc4 Qxa3 14.Ne5 Nb6 15.Qd3
Qxd3 16.Nxd3 Nfd5 17.Bd2 Bb5 18.Nc5 Nc4 19.Bf4 Na5 20.Bd2 Nc6 21.Bxd5 exd5
22.Nxb7 Nxd4 23.Rxc7 Bxe2 24.Bb4 Nf3+ 25.Kg2 Bxf1+ 26.Kxf1 Rfc8 27.Rd7 Nxh2+
28.Kg2 Ng4 29.Rxd5 Rc2 30.Rd4 Rxf2+ 31.Kg1 h5 32.a3 Rf3 33.Kg2 Rb3 34.Rd2 Ne3+
35.Kf2 Nc4 {#R} 0-1

[Event "Cup Femida (w)"]
[Site "masterchessopen.com Kharkov (Ukraine)"]
[Date "2011.11.21"]
[Round "2"]
[White "Romanova Inna (BLR)"]
[Black "Andriasian Siranush (ARM)"]
[Result "0-1"]
[WhiteElo "2287"]
[BlackElo "2220"]

1.d4 Nf6 2.c4 e6 3.Nf3 d5 4.g3 Be7 5.Bg2 dxc4 6.Qa4+ Bd7 7.Qxc4 Bc6 8.Nc3 a5
9.O-O O-O 10.Bg5 Nbd7 11.Rad1 h6 12.Bc1 Nb6 13.Qb3 Bb4 14.Qc2 Bxc3 15.Qxc3
Nbd5 16.Qe1 Bb5 17.Ne5 Qe7 18.f4 c5 19.dxc5 Qxc5+ 20.Qf2 Rac8 21.Qxc5 Rxc5
22.Rfe1 Rfc8 23.e4 Nb4 24.Be3 Rc2 25.a3 Rxg2+ 26.Kxg2 Nc2 27.Bd4 Nxe1+ 28.Rxe1
Rc2+ 29.Kf3 Rxh2 30.Rc1 Be2+ 31.Ke3 Ng4+ 32.Nxg4 Bxg4 33.Rc8+ Kh7 34.Rc7 Kg6
35.Rxb7 Rg2 36.f5+ exf5 37.Kf4 Re2 38.Re7 Rd2 39.exf5+ Bxf5 40.Bxg7 Kxg7
41.Kxf5 Rxb2 42.Re5 Rb3 43.Rxa5 Rxg3 44.Kf4 Rb3 45.a4 Kg6 46.Ra6+ f6 47.Ra8
Rb4+ 48.Kg3 Kf5 49.a5 Rb3+ 50.Kg2 Kf4 51.Rh8 Rb2+ 52.Kg1 Kg5 53.Rg8+ Kf5
54.Rh8 Kg6 55.Rg8+ Kf7 56.Rh8 Kg7 57.Ra8 Ra2 58.a6 h5 59.Ra7+ Kg6 60.Ra8 f5
61.Rg8+ Kf6 62.Ra8 Kg5 63.Rg8+ Kf4 64.Rh8 h4 65.Ra8 Kg3 66.Rg8+ Kf3 67.Rb8
Rxa6 68.Rb3+ Kg4 69.Rc3 Ra1+ 70.Kg2 Ra2+ 71.Kg1 f4 72.Rb3 h3 73.Rc3 h2+ 74.Kh1
f3 75.Rc4+ Kg3 76.Ra4 f2 77.Ra3+ Kf4 {#R} 0-1

[Event "It (cat.6)"]
[Site "masterchessopen.com Bogoroditsk (Russia)"]
[Date "2011.12.18"]
[Round "10"]
[White "Domogaev Sergey (RUS)"]
[Black "Tishin Petr (RUS)"]
[Result "1-0"]
[WhiteElo "2509"]
[BlackElo "2415"]

1.d4 Nf6 2.c4 e6 3.g3 d5 4.Bg2 dxc4 5.Nf3 Be7 6.Qa4+ Nbd7 7.Nc3 O-O 8.Qxc4 Nb6
9.Qb3 a5 10.O-O a4 11.Qc2 Nfd5 12.e4 Nb4 13.Qe2 a3 14.bxa3 Nc6 15.Rd1 Bxa3
16.Be3 Be7 17.Nb5 Bd7 18.Bf4 Rc8 19.a4 Bb4 20.Qc2 Bd6 21.Bd2 Ra8 22.a5 Nc8
23.Rdb1 Rb8 24.Rb3 h6 25.Rab1 Ra8 26.Nxd6 cxd6 27.Rxb7 Nxa5 28.Rc7 Ne7 29.Bxa5
Rxa5 30.Rbb7 Bc8 31.Rxe7 Bxb7 32.Rxb7 Qa8 33.Qb2 Ra1+ 34.Bf1 Qa6 35.Nd2 Qa8
36.Nc4 Rc8 37.Qb5 Rxc4 38.Rb8+ Qxb8 39.Qxb8+ Kh7 40.Kg2 Rxd4 41.Qb7 Rdd1
42.Bb5 Rg1+ 43.Kh3 f6 44.Bc4 Rab1 45.Qa8 {#r} 1-0

[Event "It (open)"]
[Site "masterchessopen.com Nova Gorica (Slovenia)"]
[Date "2012.01.28"]
[Round "4"]
[White "Tonon Alessandro (ITA)"]
[Black "Hrenic Misa (SLO)"]
[Result "1-0"]
[WhiteElo "2235"]
[BlackElo "2077"]

1.d4 Nf6 2.c4 e6 3.g3 d5 4.Nf3 dxc4 5.Bg2 Be7 6.O-O O-O 7.Qc2 a6 8.Qxc4 b5
9.Qc2 Bb7 10.Bd2 Be4 11.Qc1 Ra7 12.a3 Nc6 13.e3 Qa8 14.Qd1 Nb8 15.Ba5 Nc6
16.Be1 Nb8 17.b4 Nbd7 18.Nbd2 Bd5 19.Nh4 Bxg2 20.Nxg2 a5 21.Nb3 axb4 22.Bxb4
Bxb4 23.axb4 Rxa1 24.Qxa1 Nd5 25.Qa5 Qxa5 26.bxa5 e5 27.Rc1 exd4 28.exd4 Re8
29.Kf1 g5 30.Re1 Rc8 31.Ne3 Nxe3+ 32.Rxe3 c5 33.dxc5 b4 34.Re4 Rc7 35.Rxb4
Nxc5 36.Rc4 Ne6 37.Rxc7 Nxc7 38.Ke2 Kf8 39.Nc5 Ke7 40.Kd3 f5 41.Kd4 Kd6
42.Nb7+ Ke6 43.Nd8+ Kf6 44.Kc5 h5 45.Kc6 Na6 46.Kb5 Nc7+ 47.Kb6 Nd5+ 48.Kb7
Nb4 49.Nc6 Nd3 50.Kb6 Nxf2 51.a6 f4 52.a7 fxg3 53.hxg3 Kf5 54.a8=Q Kg4 55.Ne5+
{#r} 1-0

[Event "It (open)"]
[Site "masterchessopen.com Moscow (Russia)"]
[Date "2012.01.30"]
[Round "3"]
[White "Davydov Sergey P (RUS)"]
[Black "Egorov Konstantin (RUS)"]
[Result "1-0"]
[WhiteElo "2307"]
[BlackElo "2081"]

1.Nf3 Nf6 2.c4 e6 3.g3 d5 4.d4 Be7 5.Bg2 dxc4 6.Qa4+ c6 7.Qxc4 b5 8.Qb3 Bb7
9.O-O Nbd7 10.Nbd2 Qb6 11.a4 a6 12.Qc2 Rc8 13.axb5 cxb5 14.Qb1 O-O 15.e4 Rc7
16.e5 Nd5 17.Ne4 Rfc8 18.Bd2 Rc4 19.Ba5 Qa7 20.b3 R4c6 21.Bd2 b4 22.Neg5 Nf8
23.Qe4 Nc3 24.Qg4 Ne2+ 25.Kh1 Rc2 26.Be3 Qa8 27.Ne1 Rb2 28.h4 h5 29.Bxb7 Qxb7+
30.Qe4 Qb5 31.Nd3 Nc3 32.Qf3 Qxd3 33.Qxf7+ Kh8 34.Qxe7 Nd5 35.Qf7 Nxe3
36.Qxh5+ Nh7 37.fxe3 Qc2 38.Rf2 Rb1+ 39.Rxb1 Qxb1+ 40.Kh2 a5 41.e4 {#r} 1-0

[Event "It (open)"]
[Site "masterchessopen.com Reykjavik (Iceland)"]
[Date "2012.03.12"]
[Round "8"]
[White "Miettinen Teemu (FIN)"]
[Black "Fridthjofsdottir Sigurl Regina (ISL)"]
[Result "1-0"]
[WhiteElo "2023"]
[BlackElo "1731"]

1.c4 e6 2.Nf3 d5 3.g3 Nf6 4.Bg2 Be7 5.d4 dxc4 6.Qc2 c6 7.Qxc4 O-O 8.O-O Nbd7
9.Nbd2 Nb6 10.Qc2 Bd7 11.a3 Rc8 12.b4 Na8 13.Nc4 b6 14.Nce5 c5 15.Nxd7 Nxd7
16.dxc5 bxc5 17.b5 Qb6 18.Qc4 Bf6 19.Rb1 Nc7 20.Bd2 a6 21.bxa6 Qxa6 22.Qxa6
Nxa6 23.Ng5 Ndb8 24.Ne4 Be7 25.Bc3 c4 26.a4 Nc5 27.Nxc5 Bxc5 28.Rfd1 Rcd8
29.a5 Rxd1+ 30.Rxd1 Na6 31.Bb7 Nc7 32.Bc6 h6 33.Rd7 Na6 34.Bb5 Nb8 35.Rc7 Bd6
36.Rxc4 Rd8 37.Bd4 Nd7 38.a6 Ne5 39.Ra4 Ra8 40.a7 Bb8 41.Bxe5 Rxa7 42.Bxb8 Rb7
43.Bc6 Rxb8 44.Ra8 Rxa8 45.Bxa8 Kf8 46.Kg2 Ke7 47.Kf3 Kf6 48.Ke4 g6 49.Bc6 Ke7
50.Ba4 f6 51.Kd4 Kd6 52.f4 e5+ 53.fxe5+ fxe5+ 54.Ke4 Ke6 55.Bb3+ Kf6 56.h3
{#r} 1-0

[Event "Ch Italy (seniors)"]
[Site "masterchessopen.com Arvier (Italy)"]
[Date "2012.04.14"]
[Round "1"]
[White "Barlocco Carlo (ITA)"]
[Black "De Polzer Manfredi (ITA)"]
[Result "1-0"]
[WhiteElo "2102"]
[BlackElo "1692"]

1.d4 d5 2.c4 e6 3.Nf3 Nf6 4.g3 Be7 5.Bg2 dxc4 6.Qc2 O-O 7.Qxc4 Nbd7 8.O-O Rb8
9.Nc3 a6 10.a4 b6 11.Rd1 Bb7 12.Ne5 Bxg2 13.Kxg2 Ra8 14.Nc6 Qe8 15.e4 Nb8
16.Nxe7+ Qxe7 17.e5 Ne8 18.b3 c5 19.dxc5 Qb7+ 20.Qe4 Qxe4+ 21.Nxe4 bxc5 22.Ba3
Nc7 23.Bxc5 Re8 24.Nd6 Rd8 25.Bb6 Rd7 26.Rac1 h6 27.Bxc7 {#r} 1-0

[Event "Tournament (open) (under 2300)"]
[Site "masterchessopen.com Albacete (Spain)"]
[Date "2012.04.27"]
[Round "1"]
[White "Serna Lara Sergio (ESP)"]
[Black "Serarols Mabras Bernat"]
[Result "1-0"]
[WhiteElo "2228"]
[BlackElo "1903"]

1.d4 Nf6 2.c4 e6 3.Nf3 d5 4.g3 dxc4 5.Bg2 Be7 6.O-O O-O 7.Qc2 a6 8.Qxc4 b5
9.Qc2 Bb7 10.Bd2 Be4 11.Qc1 Qc8 12.Bg5 Nbd7 13.Nbd2 Bb7 14.Nb3 c5 15.Bxf6 gxf6
16.dxc5 Nxc5 17.Nbd4 Bd5 18.Qh6 Qb7 19.Rfd1 Rac8 20.Nh4 Bxg2 21.Nxg2 Qe4
22.Nh4 f5 23.Nhf3 Qg4 24.Rac1 Qg7 25.Qe3 Ne4 26.Nc6 Bf6 27.Nfd4 Kh8 28.Rc2
Rfd8 29.Nxd8 Rxd8 30.Qc1 Bxd4 31.e3 Bf6 32.Rc8 Qf8 33.Rdxd8 Bxd8 34.Qc6 Kg7
35.f3 Ng5 36.h4 Nxf3+ 37.Qxf3 Qd6 38.Rc2 Bb6 39.Kg2 Qd3 40.Re2 Qc4 41.b3 Qc5
42.Kh3 Qc3 43.Kg2 a5 44.e4 Qxf3+ 45.Kxf3 fxe4+ 46.Kxe4 Kf6 47.Rc2 b4 48.Rc6
Bd8 49.Rc8 Ke7 50.Ra8 f5+ 51.Kf3 Kd7 52.Ra7+ Bc7 53.h5 h6 54.Ra8 Bd8 55.g4
fxg4+ 56.Kxg4 Bb6 57.Rh8 Be3 58.Kf3 Bg5 59.Ke4 Kd6 60.Ra8 Bc1 61.Rxa5 Bg5 {#r}
1-0

[Event "Ch Asia"]
[Site "masterchessopen.com Ho Chi Minh City (Vietnam)"]
[Date "2012.05.12"]
[Round "8"]
[White "Nguyen Van Huy (VIE)"]
[Black "Irwanto Sadikin (INA)"]
[Result "1-0"]
[WhiteElo "2485"]
[BlackElo "2419"]

1.d4 Nf6 2.Nf3 e6 3.g3 d5 4.c4 dxc4 5.Bg2 Be7 6.O-O O-O 7.Qc2 a6 8.a4 Bd7
9.Qxc4 Bc6 10.Bf4 Nd5 11.Bd2 Bb5 12.axb5 axb5 13.Qxd5 Qxd5 14.Rxa8 Qb3 15.Bc1
Nc6 16.Nbd2 Qb4 17.Rxf8+ Bxf8 18.e3 Qa4 19.Ne1 Nb4 20.Be4 b6 21.b3 Qa2 22.Bb1
Qa1 23.Nd3 Nxd3 24.Bxd3 Bb4 25.Be2 Qa2 26.Rd1 Qc2 27.Kf1 f5 28.Nf3 Bd6 29.Ne1
Qxb3 30.Rd2 b4 31.Rb2 Qd5 32.f3 g5 33.Rc2 b5 34.Bb2 Kf7 35.Kf2 Ke7 36.Nd3 h5
37.Nc5 Qa2 38.Nd3 g4 39.e4 gxf3 40.Bxf3 fxe4 41.Bxe4 Qa7 42.Kg2 Qb8 43.Re2 Kd7
44.Bf3 Qg8 45.Bxh5 Qh7 46.Ne5+ Bxe5 47.Rxe5 Qb1 48.Re2 e5 49.dxe5 Ke7 50.e6
Qf5 51.Bf3 c5 52.g4 Qg6 53.h4 c4 54.Bd4 Kd6 55.e7 Qe8 56.Rd2 Kc7 57.Be5+ Kb6
58.Bf6 {#r} 1-0

[Event "It (open)"]
[Site "masterchessopen.com Teplice (Czech Republic)"]
[Date "2012.06.19"]
[Round "4"]
[White "Kozak Milos (CZE)"]
[Black "Carstensen Jacob (DEN)"]
[Result "0-1"]
[WhiteElo "2216"]
[BlackElo "2305"]

1.Nf3 Nf6 2.c4 e6 3.g3 d5 4.d4 dxc4 5.Bg2 Be7 6.O-O O-O 7.Qc2 b5 8.a4 b4
9.Qxc4 a5 10.Qc2 Ba6 11.Ne5 Nd5 12.Re1 Bf6 13.e4 Nb6 14.Rd1 Bxe5 15.dxe5 Qe7
16.b3 c5 17.Be3 N8d7 18.Rd6 Rfc8 19.Nd2 Rab8 20.f4 c4 21.bxc4 Nxc4 22.Nxc4
Bxc4 23.Qd2 Nc5 24.Bxc5 Rxc5 25.Rd1 Rcc8 26.Kh1 Bb3 27.Ra1 Qc7 28.Rd3 Bc2
29.Rc1 b3 30.Rd7 Qc5 {#R} 0-1

[Event "It (open)"]
[Site "masterchessopen.com Bergamo (Italy)"]
[Date "2012.07.13"]
[Round "2"]
[White "Valsecchi Alessio (ITA)"]
[Black "Moroni Luca Jr (ITA)"]
[Result "1-0"]
[WhiteElo "2425"]
[BlackElo "2128"]

1.d4 d5 2.Nf3 Nf6 3.c4 e6 4.g3 Be7 5.Bg2 dxc4 6.O-O c5 7.Qa4+ Nc6 8.Ne5 Bd7
9.Nxc6 bxc6 10.dxc5 Bxc5 11.Nd2 c3 12.Nb3 Be7 13.bxc3 Nd5 14.Bb2 O-O 15.Rad1
Qc7 16.c4 Nb6 17.Qa5 Qc8 18.Ba1 Rd8 19.c5 Nd5 20.e4 Nf6 21.Be5 Be8 22.Bd6 Rd7
23.e5 Nd5 24.Rc1 Rb7 25.Qd2 Bd8 26.f4 a5 27.Nd4 {#r} 1-0

[Event "Ch Switzerland (HT1)"]
[Site "masterchessopen.com Flims (Switzerland)"]
[Date "2012.07.13"]
[Round "2"]
[White "Gruenenwald Joerg (SUI)"]
[Black "Maffioli Massimo (SUI)"]
[Result "1-0"]
[WhiteElo "2319"]
[BlackElo "1891"]

1.d4 d5 2.Nf3 Nf6 3.c4 e6 4.g3 Be7 5.Bg2 dxc4 6.O-O a6 7.Ne5 O-O 8.Nxc4 Nbd7
9.Nc3 Rb8 10.e4 b5 11.Na5 Bb7 12.Nxb7 Rxb7 13.e5 Nd5 14.Nxd5 exd5 15.Bxd5 Rb8
16.Bg2 c5 17.Be3 cxd4 18.Bxd4 Bc5 19.Rc1 Qe7 20.Bxc5 Nxc5 21.Qd4 Ne6 22.Qe3
Rfd8 23.f4 Qb4 24.f5 Qd4 25.Rfe1 Nf8 26.Qxd4 Rxd4 27.Red1 Rxd1+ 28.Rxd1 Re8
29.Rd5 Re7 30.Kf2 Nd7 31.e6 fxe6 32.fxe6 Nf8 33.Rd8 g6 34.Bd5 Kg7 35.Rd6 a5
36.Ra6 b4 37.Ke3 {#r} 1-0

[Event "It \"]
[Site "masterchessopen.com Helsingor (Denmark)"]
[Date "2012.08.05"]
[Round "10"]
[White "Romanov Evgeny (RUS)"]
[Black "Carstensen Jacob (DEN)"]
[Result "1-0"]
[WhiteElo "2623"]
[BlackElo "2352"]

1.Nf3 Nf6 2.c4 e6 3.g3 d5 4.Bg2 Be7 5.d4 dxc4 6.Qa4+ Nbd7 7.Qxc4 a6 8.Qc2 O-O
9.O-O c5 10.dxc5 Bxc5 11.a3 Qe7 12.Nbd2 e5 13.Ng5 Ba7 14.Nge4 h6 15.Rd1 Nxe4
16.Nxe4 Nf6 17.Bd2 Nxe4 18.Qxe4 Qf6 19.Qf3 Qxf3 20.Bxf3 Re8 21.Be4 Bc5 22.Bc3
Bf8 23.Ba5 f5 24.Bd5+ Be6 25.Bxb7 Rab8 26.Bc6 Rec8 27.Rac1 Rxb2 28.Bd5 Re8
29.Rc8 Bxd5 30.Rxe8 Bc6 31.Rc8 {#r} 1-0

[Event "It (open)"]
[Site "masterchessopen.com Stare Mesto (Czech Republic)"]
[Date "2012.08.16"]
[Round "8"]
[White "Zilka Stepan (CZE)"]
[Black "Lechtynsky Jiri (CZE)"]
[Result "1-0"]
[WhiteElo "2517"]
[BlackElo "2379"]

1.c4 d5 2.d4 e6 3.Nf3 Be7 4.g3 dxc4 5.Bg2 Nf6 6.O-O O-O 7.Ne5 c5 8.dxc5 Qc7
9.Nxc4 Bxc5 10.Nc3 Rd8 11.Qa4 Bd7 12.Bf4 Qc8 13.Qb3 Bc6 14.e4 b6 15.Rad1 Rxd1
16.Rxd1 Nbd7 17.Rd2 Bf8 18.Nd6 Nc5 19.Nxc8 Nxb3 20.Rd8 Bb7 21.Ne7+ Kh8 22.Bb8
{#r} 1-0